Jynxi Famous Quotes - Statistics

General Stats
  • This quiz has been taken 168 times
  • The average score is 7 of 12
Answer Stats
Hint Answer % Correct
Terrrrible ___ aim
97%
Good ___ aim
97%
So we're in _____ Copper
94%
Jager _____ ___ Black Ice
76%
____ of the day! Clip
68%
Cardiac _____ deployed Sensor
67%
_______ Pack Johnson
51%
I don't need a ____ break. vape
47%
W Jynxi _____ Charm
31%
Down ___ Boy
30%
_____!!!! Slam
13%
My name is not ______ Kimmich
12%
No matching quizzes found
Score Distribution
Percent of People with Each Score
Percentile by Number Answered
Your Score History
You have not taken this quiz